000 00674nam a2200229 a 4500
005 20210219153016.0
008 991125n 000 0 spa u
035 _aUPN01000072837
222 _aESTUDIOS DE PSICOLOGIA
245 _aDiscriminación entre esquizofrénicos y otras patologías por medio del índice del pensamiento esquizofrénico de Whitaker (WIST)
260 _aMadrid, España
300 _a121-125
362 _a1998 No. 59
653 0 _aDROGADICTOS
653 0 _aESQUIZOFRENIA
653 0 _aMALAGA (ESPAÑA)
653 0 _aPARANOIA
653 0 _aWIST
700 _aGODOY, Juan Francisco, coaut.
904 _aAC
_b010648
905 _aArticulo
999 _c66128
_d66128